[Event "DVM U16 2024"]
[Site "Sebnitz GER"]
[Date "2024.12.27"]
[Round "1"]
[White "Trunz, Michelle"]
[Black "Malchereck, Romeo"]
[Result "1-0"]
[Termination "normal"]
[Board "6.1"]
[WhiteElo "2115"]
[BlackElo "1775"]
[WhiteTeam "SG Porz"]
[BlackTeam "Hamburger SK 1830"]
[PlyCount "107"]
[WhiteFideId "16227980"]
[BlackFideId "16265831"]
[EventCountry "GER"]
[EventRounds "7"]
[EventType "team-swiss"]
[EventDate "2024.12.26"]

1. d4 Nf6 2. c4 e6 3. Nc3 d5 4. Bg5 Be7 5. e3 h6 6. Bh4 b6 7. cxd5 exd5 8. Nf3
O-O 9. Be2 Bb7 10. O-O a6 11. Rc1 Nbd7 12. Qb3 Rc8 13. Rfd1 c5 14. Bxf6 Nxf6
15. dxc5 Rxc5 16. Rc2 Qc7 17. Rcd2 Rd8 18. Na4 Ne4 19. Nxc5 Nxd2 20. Nxa6 Nxf3+
21. gxf3 Qd6 22. a3 Qg6+ 23. Kh1 Bxa6 24. Bxa6 Qh5 25. Kg2 Qg5+ 26. Kf1 Qh5 27.
Ke2 Bc5 28. Qd3 Qxh2 29. b4 Be7 30. Qd4 Qd6 31. Bb7 Bf6 32. Qxd5 Qc7 33. Qe4
Rxd1 34. Qe8+ Kh7 35. Be4+ g6 36. Kxd1 Qd8+ 37. Qxd8 Bxd8 38. f4 Kg7 39. Ke2 f5
40. Bg2 Kf6 41. Kd3 Ke6 42. f3 g5 43. fxg5 hxg5 44. Kc4 f4 45. e4 Ke5 46. Bh3
Bc7 47. a4 Kd6 48. Kb5 Bd8 49. a5 bxa5 50. bxa5 Kc7 51. a6 Be7 52. Be6 Bf8 53.
Bd5 g4 54. a7 1-0

[Event "DVM U16 2024"]
[Site "Sebnitz GER"]
[Date "2024.12.27"]
[Round "1"]
[White "Kellner, Anton"]
[Black "Holzwarth, Felix"]
[Result "0-1"]
[Termination "normal"]
[Board "6.2"]
[WhiteElo "1788"]
[BlackElo "1954"]
[WhiteTeam "Hamburger SK 1830"]
[BlackTeam "SG Porz"]
[PlyCount "52"]
[WhiteFideId "16293185"]
[BlackFideId "34621377"]
[EventCountry "GER"]
[EventRounds "7"]
[EventType "team-swiss"]
[EventDate "2024.12.26"]

1. e4 e5 2. Nf3 Nc6 3. Bc4 Bc5 4. c3 Nf6 5. d4 exd4 6. O-O Nxe4 7. cxd4 d5 8.
dxc5 dxc4 9. Qe2 Qd3 10. Re1 f5 11. Nc3 O-O 12. Nxe4 fxe4 13. Qxe4 Bf5 14. Qxd3
Bxd3 15. Ne5 Nd4 16. Rd1 Rae8 17. Nxd3 cxd3 18. Bd2 Re2 19. f3 Rxf3 20. gxf3
Nxf3+ 21. Kf1 Nxd2+ 22. Kg1 Nf3+ 23. Kf1 Nxh2+ 24. Kg1 d2 25. b4 g5 26. a4 g4
0-1

[Event "DVM U16 2024"]
[Site "Sebnitz GER"]
[Date "2024.12.27"]
[Round "1"]
[White "Trunz, Tamila"]
[Black "Wartenberg, Alissa"]
[Result "1/2-1/2"]
[Termination "normal"]
[Board "6.3"]
[WhiteElo "1940"]
[BlackElo "1830"]
[WhiteTeam "SG Porz"]
[BlackTeam "Hamburger SK 1830"]
[PlyCount "119"]
[WhiteFideId "16267885"]
[BlackFideId "16280741"]
[EventCountry "GER"]
[EventRounds "7"]
[EventType "team-swiss"]
[EventDate "2024.12.26"]

1. e4 e5 2. Nf3 Nc6 3. Bc4 Bc5 4. c3 Nf6 5. b4 Bb6 6. d3 d6 7. O-O h6 8. a4 a6
9. Ra2 Bg4 10. h3 Bh5 11. Nbd2 O-O 12. Re1 Re8 13. Bb3 d5 14. Qe2 d4 15. Bb2
dxc3 16. Bxc3 Qd7 17. Qf1 Bd4 18. Bxd4 Nxd4 19. Nxd4 Qxd4 20. Rc2 Qxb4 21. Rb1
Qe7 22. Ba2 b6 23. Qc1 Ra7 24. Rc6 Rd8 25. Rb3 Rd6 26. Rxd6 Qxd6 27. Nc4 Qe6
28. Ne3 Qd7 29. a5 b5 30. Nf5 c6 31. Qc5 Bg6 32. Nh4 Kh7 33. Nxg6 fxg6 34. Qxe5
Rc7 35. Qc5 Nh5 36. Rc3 Rc8 37. d4 Nf4 38. Rc2 Qc7 39. Qb4 Re8 40. d5 Nd3 41.
Qd4 Nf4 42. d6 Qxa5 43. Qd2 Qxd2 44. Rxd2 c5 45. Bf7 Rd8 46. e5 c4 47. e6 Nxe6
48. Bxe6 c3 49. Rc2 Rxd6 50. Bb3 Rd1+ 51. Kh2 Rd3 52. Ra2 Rd2 53. Rxa6 Rb2 54.
Bd5 Rxf2 55. Rc6 b4 56. Be4 Rf6 57. Rc5 Rf4 58. Bc2 Rf2 59. Bd3 Rd2 60. Be4
1/2-1/2

[Event "DVM U16 2024"]
[Site "Sebnitz GER"]
[Date "2024.12.27"]
[Round "1"]
[White "Borgert, Alexander"]
[Black "Aravindan, Midhulan"]
[Result "0-1"]
[Termination "normal"]
[Board "6.4"]
[WhiteElo "1716"]
[BlackElo "1887"]
[WhiteTeam "Hamburger SK 1830"]
[BlackTeam "SG Porz"]
[PlyCount "62"]
[WhiteFideId "16289188"]
[BlackFideId "16237250"]
[EventCountry "GER"]
[EventRounds "7"]
[EventType "team-swiss"]
[EventDate "2024.12.26"]

1. d4 Nf6 2. c4 g6 3. Nc3 d5 4. cxd5 Nxd5 5. e4 Nxc3 6. bxc3 Bg7 7. Nf3 c5 8.
Be3 O-O 9. Rc1 Qa5 10. Qd2 Rd8 11. h3 Nc6 12. d5 e6 13. c4 Qa3 14. Be2 b6 15.
Bh6 Bh8 16. Qe3 Qb4+ 17. Qd2 exd5 18. exd5 Bf5 19. O-O Qxd2 20. Bxd2 Nd4 21.
Nxd4 cxd4 22. g4 Bd7 23. Bf4 Rac8 24. Bd3 Re8 25. Rfe1 Bg7 26. Rxe8+ Bxe8 27.
Bd6 Bd7 28. c5 bxc5 29. Rxc5 Rxc5 30. Bxc5 a5 31. Kg2 h5 0-1

[Event "DVM U16 2024"]
[Site "Sebnitz GER"]
[Date "2024.12.27"]
[Round "1"]
[White "Prashanthakumar, Arju"]
[Black "Nunez Grégoire, Daniel"]
[Result "0-1"]
[Termination "normal"]
[Board "7.1"]
[WhiteElo "1792"]
[BlackElo "2041"]
[WhiteTeam "SV 1926 Riegelsberg"]
[BlackTeam "Stuttgarter SF 1879"]
[PlyCount "100"]
[WhiteFideId "34604065"]
[BlackFideId "34627103"]
[EventCountry "GER"]
[EventRounds "7"]
[EventType "team-swiss"]
[EventDate "2024.12.26"]

1. e4 e5 2. Bc4 Nf6 3. d3 Nc6 4. Nc3 Na5 5. Nf3 Nxc4 6. dxc4 Bb4 7. O-O Bxc3 8.
bxc3 Qe7 9. Qd3 h6 10. Be3 b6 11. Nd2 O-O 12. f4 exf4 13. Bxf4 d6 14. Rae1 Ng4
15. Nf3 f6 16. Nd4 Bd7 17. Nb5 Be6 18. Nd4 Qf7 19. Nxe6 Qxe6 20. h3 Ne5 21.
Bxe5 Qxe5 22. Qd5+ Kh8 23. Qxe5 dxe5 24. Rd1 Rfd8 25. Kf2 Rd6 26. Rxd6 cxd6 27.
Ke3 Rc8 28. Kd3 Kg8 29. Rb1 Rc5 30. a4 Kf7 31. Rb5 Ke6 32. g4 g6 33. Rb1 Rc7
34. Rf1 Rh7 35. Rg1 h5 36. gxh5 g5 37. a5 bxa5 38. Ra1 Rxh5 39. Rxa5 Rxh3+ 40.
Kd2 Rh7 41. c5 g4 42. cxd6 g3 43. Ra1 g2 44. Rg1 Rg7 45. Kd3 Kxd6 46. Kc4 Kc6
47. Kb4 Rg4 48. c4 Rg3 49. c3 Rg4 50. Kb3 Kc5 0-1

[Event "DVM U16 2024"]
[Site "Sebnitz GER"]
[Date "2024.12.27"]
[Round "1"]
[White "Gotfried, Elias"]
[Black "Klein, Raphael"]
[Result "1-0"]
[Termination "normal"]
[Board "7.2"]
[WhiteElo "1968"]
[BlackElo "1693"]
[WhiteTeam "Stuttgarter SF 1879"]
[BlackTeam "SV 1926 Riegelsberg"]
[PlyCount "45"]
[WhiteFideId "34630171"]
[BlackFideId "16283791"]
[EventCountry "GER"]
[EventRounds "7"]
[EventType "team-swiss"]
[EventDate "2024.12.26"]

1. e4 c5 2. Nc3 d6 3. g3 g6 4. Bg2 Bg7 5. d3 Nc6 6. f4 e5 7. Nf3 Nge7 8. O-O
O-O 9. Be3 Nd4 10. Qd2 b6 11. Nh4 Rb8 12. Rf2 f5 13. fxe5 Bxe5 14. Bg5 Be6 15.
exf5 Ndxf5 16. Nxf5 Bxf5 17. Nd5 Rf7 18. g4 Bxb2 19. Re1 Be5 20. gxf5 gxf5 21.
Nxe7+ Rxe7 22. Bd5+ Kh8 23. Rxe5 1-0

[Event "DVM U16 2024"]
[Site "Sebnitz GER"]
[Date "2024.12.27"]
[Round "1"]
[White "Tabales, Lennart"]
[Black "Goldinov, Daniel"]
[Result "0-1"]
[Termination "normal"]
[Board "7.3"]
[WhiteElo "1676"]
[BlackElo "1925"]
[WhiteTeam "SV 1926 Riegelsberg"]
[BlackTeam "Stuttgarter SF 1879"]
[PlyCount "54"]
[WhiteFideId "34604057"]
[BlackFideId "34605649"]
[EventCountry "GER"]
[EventRounds "7"]
[EventType "team-swiss"]
[EventDate "2024.12.26"]

1. e4 c5 2. Nf3 d6 3. d4 cxd4 4. Nxd4 Nc6 5. Nb5 e6 6. c4 Nf6 7. N1c3 a6 8. Na3
Qa5 9. Bd2 Be7 10. Nd5 Qd8 11. Nxe7 Qxe7 12. Bd3 O-O 13. O-O Bd7 14. Be3 Ne5
15. f3 Bc6 16. Rc1 Rfd8 17. Bb1 d5 18. cxd5 exd5 19. Bc5 Qe6 20. exd5 Rxd5 21.
Qb3 Rad8 22. Rfe1 Qd7 23. Bb6 Re8 24. Red1 Ba4 25. Rxd5 Nxd5 26. Bf5 Bxb3 27.
Bxd7 Nxd7 0-1

[Event "DVM U16 2024"]
[Site "Sebnitz GER"]
[Date "2024.12.27"]
[Round "1"]
[White "Babaian, Bagrat"]
[Black "Jung, Marcel"]
[Result "1-0"]
[Termination "normal"]
[Board "7.4"]
[WhiteElo "1763"]
[BlackElo "1700"]
[WhiteTeam "Stuttgarter SF 1879"]
[BlackTeam "SV 1926 Riegelsberg"]
[PlyCount "93"]
[WhiteFideId "34107428"]
[BlackFideId "34673881"]
[EventCountry "GER"]
[EventRounds "7"]
[EventType "team-swiss"]
[EventDate "2024.12.26"]

1. d4 Nf6 2. c4 g6 3. Nc3 Bg7 4. e4 d6 5. Be2 O-O 6. Bg5 h6 7. Be3 Nc6 8. h3 e5
9. d5 Ne7 10. Qd2 Nxe4 11. Nxe4 f5 12. Bxh6 fxe4 13. Bg5 Qe8 14. Qe3 Nf5 15.
Qxe4 Nd4 16. g4 Qa4 17. Bd3 Bf5 18. gxf5 gxf5 19. Qe3 e4 20. Ne2 Nf3+ 21. Kf1
exd3 22. Qxf3 dxe2+ 23. Qxe2 Rae8 24. Qd3 Re4 25. b3 Qe8 26. Rd1 Rd4 27. Qf3
Qe4 28. Qxe4 Rxe4 29. f3 Ree8 30. Kf2 Kf7 31. h4 Kg6 32. Rhg1 Kh5 33. Rg2 Bh6
34. Bxh6 Kxh6 35. Rdg1 Re7 36. Rg6+ Kh7 37. R6g5 Kh6 38. Kg3 f4+ 39. Kg4 Rff7
40. Rd1 Re5 41. Rxe5 dxe5 42. d6 Rd7 43. dxc7 Rxc7 44. Rd6+ Kg7 45. Re6 Rc5 46.
Kf5 e4+ 47. Kxe4 1-0

[Event "DVM U16 2024"]
[Site "Sebnitz GER"]
[Date "2024.12.27"]
[Round "1"]
[White "Fruth, David"]
[Black "Klein, Timon"]
[Result "1-0"]
[Termination "normal"]
[Board "8.1"]
[WhiteElo "2132"]
[BlackElo "1784"]
[WhiteTeam "USV TU Dresden"]
[BlackTeam "SC Leipzig-Lindenau"]
[PlyCount "85"]
[WhiteFideId "16257596"]
[BlackFideId "34651713"]
[EventCountry "GER"]
[EventRounds "7"]
[EventType "team-swiss"]
[EventDate "2024.12.26"]

1. e4 c6 2. d4 d5 3. Nc3 dxe4 4. Nxe4 Nf6 5. Nxf6+ exf6 6. c3 Bd6 7. Bd3 O-O 8.
Qc2 Re8+ 9. Ne2 h5 10. O-O h4 11. h3 Nd7 12. Bd2 Nf8 13. Rae1 Bc7 14. f4 g6 15.
f5 g5 16. Qd1 c5 17. Bc4 Qd6 18. Nf4 Rxe1 19. Rxe1 Bxf5 20. Qh5 Be6 21. Nxe6
fxe6 22. Rxe6 Nxe6 23. Qg6+ Kh8 24. Qh6+ Kg8 25. Bxg5 Qh2+ 26. Kf2 Qg3+ 27. Kf1
Re8 28. Qg6+ Kh8 29. Qxf6+ Kg8 30. Bxe6+ Rxe6 31. Qxe6+ Kg7 32. Qf6+ Kg8 33.
Qg6+ Kf8 34. Bh6+ Ke7 35. Qxg3 Bxg3 36. dxc5 Ke6 37. Be3 Kd5 38. Bf2 Bf4 39.
Bxh4 Kxc5 40. Ke2 Bc1 41. Kd1 Bf4 42. Bf2+ Kc6 43. g4 1-0

[Event "DVM U16 2024"]
[Site "Sebnitz GER"]
[Date "2024.12.27"]
[Round "1"]
[White "Göllnitz, Aaron"]
[Black "Marynychenko, Yehor"]
[Result "0-1"]
[Termination "normal"]
[Board "8.2"]
[WhiteElo "1615"]
[BlackElo "2063"]
[WhiteTeam "SC Leipzig-Lindenau"]
[BlackTeam "USV TU Dresden"]
[PlyCount "166"]
[WhiteFideId "34617183"]
[BlackFideId "34160558"]
[EventCountry "GER"]
[EventRounds "7"]
[EventType "team-swiss"]
[EventDate "2024.12.26"]

1. d4 Nf6 2. c4 g6 3. Nc3 Bg7 4. e4 d6 5. Be2 Nbd7 6. Bg5 h6 7. Be3 e5 8. h4 h5
9. Bg5 O-O 10. Nf3 c6 11. d5 Qc7 12. Rc1 a5 13. a4 Re8 14. O-O Nc5 15. Nd2 Nfd7
16. Kh1 Nf8 17. Nb3 Nxb3 18. Qxb3 Nh7 19. c5 Nxg5 20. cxd6 Qxd6 21. hxg5 Qe7
22. Bc4 Rf8 23. dxc6 bxc6 24. Rcd1 Qxg5 25. Rd3 h4 26. Nd1 Kh7 27. Bxf7 Rb8 28.
Qa2 Rb4 29. Re1 Rb7 30. Be6 Bxe6 31. Qxe6 Rf6 32. Qc4 Rb4 33. Qa6 Rxa4 34. Ra3
Rxa3 35. bxa3 Qd2 36. Qe2 Qd6 37. Qb2 Rf8 38. Qc3 a4 39. Qh3 Kg8 40. Qc3 Kh7
41. Qe3 Rb8 42. Qa7 Rb3 43. Qxa4 Rxa3 44. Qc2 Rd3 45. Kg1 Rd2 46. Qb3 Qd4 47.
Ne3 Qxe4 48. Rd1 Rd4 49. Ra1 Rb4 50. Qd1 Rb2 51. Rc1 Rb4 52. Ra1 Qf4 53. Qd2
Rd4 54. Qc2 Rd6 55. Rb1 Qf6 56. Rb4 Rd4 57. Rb1 Qd6 58. Qe2 c5 59. Rb2 e4 60.
Rb1 Qe6 61. Rc1 Bf8 62. Qb2 Qd7 63. Qb6 Rd2 64. Qf6 Qe7 65. Qf4 Bh6 66. Qg4 Bg7
67. Qc8 Qf7 68. Rf1 Bd4 69. Qg4 Qe7 70. Qf4 Ra2 71. Nd5 Qe6 72. Qxh4+ Kg7 73.
Nf4 Qf7 74. Qg4 Qf5 75. Ne6+ Kf6 76. Qxf5+ gxf5 77. Nxd4 cxd4 78. Rd1 Ke5 79.
Kf1 f4 80. Re1 d3 81. Rd1 Kd4 82. Ke1 e3 83. Kf1 e2+ 0-1

[Event "DVM U16 2024"]
[Site "Sebnitz GER"]
[Date "2024.12.27"]
[Round "1"]
[White "Ellinger, Maximilian"]
[Black "Rudolph, Konrad"]
[Result "1-0"]
[Termination "normal"]
[Board "8.3"]
[WhiteElo "1996"]
[BlackElo "1550"]
[WhiteTeam "USV TU Dresden"]
[BlackTeam "SC Leipzig-Lindenau"]
[PlyCount "65"]
[WhiteFideId "34631003"]
[BlackFideId "34607668"]
[EventCountry "GER"]
[EventRounds "7"]
[EventType "team-swiss"]
[EventDate "2024.12.26"]

1. e4 e6 2. d4 d5 3. Nc3 dxe4 4. Nxe4 Bd7 5. Nf3 Bc6 6. Neg5 Nd7 7. Nxf7 Kxf7
8. Ng5+ Ke8 9. Bc4 Bxg2 10. Rg1 Bd5 11. Nxe6 Bxe6 12. Bxe6 Ngf6 13. Qe2 Qe7 14.
Bf4 g6 15. O-O-O c6 16. Rge1 Kd8 17. Qf3 Bg7 18. d5 cxd5 19. Bg5 h6 20. Bxd7
Qxd7 21. Bxf6+ Kc8 22. Re7 Qc6 23. Bxg7 Rd8 24. Qg4+ Kb8 25. Be5+ Rd6 26. Re8+
Kc7 27. Rxa8 Kb6 28. Bxd6 Qxd6 29. Qd4+ Kc6 30. Rxa7 Qd8 31. Rxb7 Qg5+ 32. f4
Qg2 33. Qxd5+ 1-0

[Event "DVM U16 2024"]
[Site "Sebnitz GER"]
[Date "2024.12.27"]
[Round "1"]
[White "Trenz, Finn"]
[Black "Haubold, Sebastian"]
[Result "0-1"]
[Termination "normal"]
[Board "9.1"]
[WhiteElo "1914"]
[BlackElo "2163"]
[WhiteTeam "SV Multatuli Ingelheim"]
[BlackTeam "USC Magdeburg"]
[PlyCount "56"]
[WhiteFideId "16279379"]
[BlackFideId "16259637"]
[EventCountry "GER"]
[EventRounds "7"]
[EventType "team-swiss"]
[EventDate "2024.12.26"]

1. e4 e5 2. Nc3 Nf6 3. f4 d5 4. fxe5 Nxe4 5. Qf3 f5 6. d3 Nxc3 7. bxc3 d4 8.
Qg3 dxc3 9. Be2 Qd5 10. Bf3 Qe6 11. Ne2 Nc6 12. d4 Nb4 13. O-O Nd5 14. Nf4 Nxf4
15. Bxf4 c6 16. Rad1 Qf7 17. d5 cxd5 18. Rxd5 Be7 19. e6 Bxe6 20. Re5 O-O 21.
Rfe1 Rae8 22. Bxb7 Bf6 23. Rb5 Bc4 24. Rb4 a5 25. Rbb1 Bxa2 26. Rxe8 Rxe8 27.
Ra1 Qxb7 28. Rxa2 Qb1+ 0-1

[Event "DVM U16 2024"]
[Site "Sebnitz GER"]
[Date "2024.12.27"]
[Round "1"]
[White "Haubold, Christian"]
[Black "González Peisker, Mateo León"]
[Result "1-0"]
[Termination "normal"]
[Board "9.2"]
[WhiteElo "2074"]
[BlackElo "1577"]
[WhiteTeam "USC Magdeburg"]
[BlackTeam "SV Multatuli Ingelheim"]
[PlyCount "61"]
[WhiteFideId "16259629"]
[BlackFideId "34610138"]
[EventCountry "GER"]
[EventRounds "7"]
[EventType "team-swiss"]
[EventDate "2024.12.26"]

1. e4 c5 2. Nf3 Nc6 3. d4 cxd4 4. Nxd4 Nf6 5. Nc3 g6 6. Be3 Bg7 7. Bc4 O-O 8.
Bb3 d5 9. exd5 Nb4 10. Nde2 Bg4 11. f3 Bf5 12. a3 Na6 13. O-O Re8 14. Ng3 Qc8
15. Kh1 h5 16. Nxf5 Qxf5 17. Nb5 e6 18. Nd6 Qe5 19. Nxe8 Qxe3 20. Nxf6+ Bxf6
21. dxe6 Rd8 22. exf7+ Kg7 23. Qe1 Qxe1 24. Raxe1 Nc5 25. Ba2 Rf8 26. Re8 Bxb2
27. Rxf8 Kxf8 28. Re1 Nd7 29. Re8+ Kg7 30. Rg8+ Kh7 31. f8=Q 1-0

[Event "DVM U16 2024"]
[Site "Sebnitz GER"]
[Date "2024.12.27"]
[Round "1"]
[White "Gyácsok, Dzvinka"]
[Black "Kuhlmann, Nils Magnus"]
[Result "1-0"]
[Termination "normal"]
[Board "9.3"]
[WhiteElo "1735"]
[BlackElo "1796"]
[WhiteTeam "SV Multatuli Ingelheim"]
[BlackTeam "USC Magdeburg"]
[PlyCount "59"]
[WhiteFideId "16298292"]
[BlackFideId "16287177"]
[EventCountry "GER"]
[EventRounds "7"]
[EventType "team-swiss"]
[EventDate "2024.12.26"]

1. e4 c6 2. d4 d5 3. exd5 cxd5 4. Bd3 Nf6 5. h3 g6 6. Nf3 Nc6 7. c3 Bf5 8. O-O
Qc7 9. Re1 e6 10. Bf1 h5 11. Nbd2 Bd6 12. Nb3 Ne4 13. Nbd2 Nf6 14. Nh4 O-O-O
15. Ndf3 Ne4 16. Be3 Bf4 17. Qc1 Bxe3 18. Qxe3 Rdg8 19. Ng5 f6 20. Nxe4 dxe4
21. Rad1 g5 22. Nxf5 exf5 23. d5 Ne5 24. d6 Qc6 25. Qxa7 g4 26. h4 g3 27. fxg3
Rxg3 28. Qa8+ Kd7 29. Qxh8 Nf3+ 30. Kf2 1-0

[Event "DVM U16 2024"]
[Site "Sebnitz GER"]
[Date "2024.12.27"]
[Round "1"]
[White "Ziem, Ole"]
[Black "Montonen, Elias"]
[Result "1-0"]
[Termination "normal"]
[Board "9.4"]
[WhiteElo "1630"]
[BlackElo "1186"]
[WhiteTeam "USC Magdeburg"]
[BlackTeam "SV Multatuli Ingelheim"]
[PlyCount "69"]
[WhiteFideId "34624791"]
[EventCountry "GER"]
[EventRounds "7"]
[EventType "team-swiss"]
[EventDate "2024.12.26"]

1. e4 c6 2. d4 d5 3. e5 c5 4. Nf3 Bg4 5. c3 Nc6 6. Be2 e6 7. Be3 Qb6 8. Qd2 c4
9. O-O Nge7 10. Na3 Nf5 11. h3 Bxf3 12. Bxf3 Bxa3 13. bxa3 O-O 14. Rab1 Qa6 15.
Bg4 Nxe3 16. fxe3 Qxa3 17. Rxb7 Rab8 18. Rfb1 Rxb7 19. Rxb7 Rb8 20. Rc7 Ne7 21.
Rd7 Ng6 22. Qf2 Nh8 23. Qh4 Ng6 24. Qf2 Nh8 25. Qg3 Ng6 26. h4 Qxc3 27. h5 Nf8
28. Rxa7 Qc1+ 29. Kf2 Qb2+ 30. Be2 c3 31. Qf3 Kh8 32. Qxf7 Nd7 33. Rxd7 Rg8 34.
h6 g5 35. Qxh7# 1-0

[Event "DVM U16 2024"]
[Site "Sebnitz GER"]
[Date "2024.12.27"]
[Round "1"]
[White "Melestean, Timur"]
[Black "Sommerfeld, Felix"]
[Result "1-0"]
[Termination "normal"]
[Board "10.1"]
[WhiteElo "2157"]
[BlackElo "1787"]
[WhiteTeam "SK König Plauen"]
[BlackTeam "Krefelder SK Turm 1851"]
[PlyCount "129"]
[WhiteFideId "16280385"]
[BlackFideId "34646744"]
[EventCountry "GER"]
[EventRounds "7"]
[EventType "team-swiss"]
[EventDate "2024.12.26"]

1. d4 Nf6 2. c4 e6 3. Nf3 Bb4+ 4. Bd2 Be7 5. Nc3 b6 6. d5 Bb7 7. e4 exd5 8.
cxd5 d6 9. Be2 Nbd7 10. Qc2 O-O 11. O-O a5 12. a3 Ng4 13. Nd4 Bf6 14. Nc6 Bxc6
15. dxc6 Bxc3 16. Qxc3 Ndf6 17. Bg5 Qe8 18. f3 Ne5 19. Bxf6 gxf6 20. f4 Ng6 21.
Bd3 Qe7 22. Rae1 Rad8 23. Kh1 Kh8 24. Bc2 Rg8 25. Qh3 Rg7 26. Qh5 Rdg8 27. g3
Qe8 28. Ba4 Qe7 29. Bb3 Qe8 30. Qb5 Ne7 31. Ba4 Qc8 32. Qh5 Qg4 33. Qxg4 Rxg4
34. Bd1 R4g6 35. Ba4 f5 36. exf5 Nxf5 37. Bc2 Rf6 38. Bxf5 Rxf5 39. Re7 Rc8 40.
Rfe1 Kg7 41. Rd7 Rf6 42. b4 axb4 43. axb4 b5 44. Ree7 d5 45. Rxc7 Rxc7 46. Rxc7
Kf8 47. Rd7 Rxc6 48. Rxd5 Rb6 49. Kg2 Ke7 50. Kf3 Ke6 51. Rh5 f6 52. Rxh7 Kd5
53. Rc7 Kd4 54. Rc5 f5 55. h4 Rb7 56. h5 Rb6 57. Rxf5 Kc4 58. g4 Kxb4 59. g5
Kc4 60. h6 b4 61. h7 Rb8 62. Re5 b3 63. Re2 Re8 64. Rxe8 b2 65. Rb8 1-0

[Event "DVM U16 2024"]
[Site "Sebnitz GER"]
[Date "2024.12.27"]
[Round "1"]
[White "Ramolla, Jan"]
[Black "Melestean, Maxim"]
[Result "1/2-1/2"]
[Termination "normal"]
[Board "10.2"]
[WhiteElo "1809"]
[BlackElo "1962"]
[WhiteTeam "Krefelder SK Turm 1851"]
[BlackTeam "SK König Plauen"]
[PlyCount "112"]
[WhiteFideId "34678697"]
[BlackFideId "16280393"]
[EventCountry "GER"]
[EventRounds "7"]
[EventType "team-swiss"]
[EventDate "2024.12.26"]

1. e4 e5 2. f4 d5 3. exd5 exf4 4. Nf3 Nf6 5. Bc4 Nxd5 6. Bxd5 Qxd5 7. O-O Bd6
8. Nc3 Qf5 9. Qe2+ Be6 10. Qb5+ Qxb5 11. Nxb5 O-O 12. Nxd6 cxd6 13. d4 Nc6 14.
c3 h6 15. Bxf4 Rad8 16. h4 f6 17. Bg3 g5 18. hxg5 hxg5 19. Nd2 f5 20. Rae1 Rf6
21. Nf3 Rg6 22. Nxg5 Rxg5 23. Bh4 Rg4 24. Bxd8 Nxd8 25. d5 Bd7 26. Re7 Rg7 27.
Rfe1 Rf7 28. c4 a5 29. b4 b6 30. bxa5 bxa5 31. Kf2 Nb7 32. Rxf7 Kxf7 33. Ke3
Nc5 34. Kd4 Ba4 35. Rh1 Kg7 36. Re1 Bc2 37. Re8 Kf7 38. Rd8 Ke7 39. Ra8 a4 40.
Rh8 Bb1 41. a3 Be4 42. g3 Nb3+ 43. Kc3 Nc1 44. Kd2 Nd3 45. Ra8 Nc5 46. Kc3 Bf3
47. Kd4 Bd1 48. Rh8 Ne4 49. Rh7+ Kf6 50. Rh6+ Kg5 51. Re6 Bb3 52. Re8 Nxg3 53.
c5 dxc5+ 54. Kxc5 Ne4+ 55. Kd4 Bxd5 56. Re7 Bb3 1/2-1/2

[Event "DVM U16 2024"]
[Site "Sebnitz GER"]
[Date "2024.12.27"]
[Round "1"]
[White "Akladius, Kyrillus"]
[Black "Vasylieva, Kira"]
[Result "1-0"]
[Termination "normal"]
[Board "10.3"]
[WhiteElo "1659"]
[BlackElo "1647"]
[WhiteTeam "SK König Plauen"]
[BlackTeam "Krefelder SK Turm 1851"]
[PlyCount "55"]
[WhiteFideId "16267036"]
[BlackFideId "34653465"]
[EventCountry "GER"]
[EventRounds "7"]
[EventType "team-swiss"]
[EventDate "2024.12.26"]

1. e4 e5 2. Nf3 Nc6 3. d4 exd4 4. Nxd4 Bc5 5. Be3 Bb6 6. Bc4 Nge7 7. Nc3 a6 8.
O-O O-O 9. Qd2 Nxd4 10. Bxd4 Bxd4 11. Qxd4 b5 12. Bb3 d6 13. a4 c5 14. Qd2 b4
15. Nd5 Be6 16. Rfd1 Nc8 17. Qd3 Bxd5 18. Bxd5 Ra7 19. Bc4 a5 20. e5 Re8 21.
exd6 Rd7 22. Qf3 Nb6 23. Bb5 Re6 24. Bxd7 Nxd7 25. Qc6 Qe8 26. Qc7 Re2 27. Kf1
Re6 28. Qxa5 1-0

[Event "DVM U16 2024"]
[Site "Sebnitz GER"]
[Date "2024.12.27"]
[Round "1"]
[White "Bitter, Daniel"]
[Black "Rühmer, Nico"]
[Result "1/2-1/2"]
[Termination "normal"]
[Board "10.4"]
[WhiteElo "1689"]
[BlackElo "1626"]
[WhiteTeam "Krefelder SK Turm 1851"]
[BlackTeam "SK König Plauen"]
[PlyCount "51"]
[WhiteFideId "34646710"]
[BlackFideId "34640339"]
[EventCountry "GER"]
[EventRounds "7"]
[EventType "team-swiss"]
[EventDate "2024.12.26"]

1. e4 c5 2. Nf3 Nc6 3. c3 d5 4. exd5 Qxd5 5. d4 Bg4 6. Be2 Nf6 7. Be3 cxd4 8.
Bxd4 Nxd4 9. Qxd4 Qxd4 10. Nxd4 Bxe2 11. Nxe2 e6 12. Nd2 Bc5 13. h3 Ke7 14. b4
Bb6 15. c4 Rac8 16. c5 Bc7 17. Nc4 Bb8 18. Rc1 Nd5 19. a3 Nf4 20. Nxf4 Bxf4 21.
Rc2 b6 22. g3 Bb8 23. cxb6 axb6 24. Ke2 b5 25. Ne3 Rxc2+ 26. Nxc2 1/2-1/2